000
00321 a2200157 4500
001
193062
020
_a
978-85-8057-045-8
040
_c
Magnum
100
_a
Nicholls, David
240
1
0
_a
Um dia
_l
por
245
1
0
_a
Um dia
300
_a
411
362
0
_a
2011
697
_a
LITERATURA GERAL ESTRANGEIRA
942
_c
BK
999
_c
193062
_d
193062